Bedside clinics in paediatrics / (Record no. 103739)

MARC details
000 -LEADER
fixed length control field 00593nam a22001937a 4500
005 - DATE AND TIME OF LATEST TRANSACTION
control field 20160929105923.0
010 ## - LCCN (DPL NO)
LC control number ENG-116137
020 ## - INTERNATIONAL STANDARD BOOK NUMBER
International Standard Book Number 9789383420827
Terms of availability 575.00
035 ## - SYSTEM CONTROL NUMBER
System control number EN-99669
037 ## - SOURCE OF ACQUISITION
Source of stock number/acquisition DBAD/PUB
082 ## - DEWEY DECIMAL CLASSIFICATION NUMBER
Classification number 618.92
100 ## - MAIN ENTRY--PERSONAL NAME
Personal name Ghosh, Sibarjun
245 ## - TITLE STATEMENT
Title Bedside clinics in paediatrics /
Statement of responsibility, etc by Sibarjun Ghosh
260 ## - PUBLICATION, DISTRIBUTION, ETC. (IMPRINT)
Place of publication, distribution, etc Kolkata
Name of publisher, distributor, etc Academic Publishers
Date of publication, distribution, etc 2016
270 ## - ADDRESS
Address 5A Bhawani Dutta Lane,
City Kolkata
Postal code 700073
300 ## - PHYSICAL DESCRIPTION
Extent 516p. :
Dimensions 24cm(pbk)
Other physical details ill
500 ## - GENERAL NOTE
General note Includes bibliographical references and index
942 ## - ADDED ENTRY ELEMENTS (KOHA)
Source of classification or shelving scheme Dewey Decimal Classification
Item type English Books
Classification part 618.92
Call number suffix GHO
Holdings
Withdrawn status Lost status Not for loan Collection code Home library Current library Date acquired Source of acquisition Cost, normal purchase price Full call number Barcode Copy number Cost, replacement price Koha item type
    Not For Loan Non-fiction D.B.Act.Division Bawana 28/09/2016 DBAD/PUB 575.00 618.92 EN-99669 1 575.00 English Books

© Delhi Public Library
Hit Counter
free hit counter